| 000 | 00514cam a2200181ua 4500 | ||
|---|---|---|---|
| 020 | _a0 07 099061 1 | ||
| 041 |
_aeng _h |
||
| 082 |
_a620.101 _bMCL/SC |
||
| 100 | _aMclean, W G . | ||
| 245 |
_aSchaum`s outline of theory and problems of engineering mechanics: states and dynamics / _cW G Mclean. _hTextual Documents |
||
| 250 |
_a3 / _b. |
||
| 260 |
_aNew York : _bMcGraw Hill Book Company , _c1980. |
||
| 300 | _a408 ; . | ||
| 504 | _a | ||
| 700 | 1 | _aNelsen, E W . | |
| 942 | _cBK | ||
| 999 |
_c9316 _d9316 |
||